| 000 | 00530nam a22001937a 4500 | ||
|---|---|---|---|
| 001 | sjds | ||
| 003 | sjds | ||
| 005 | 20240604174248.0 | ||
| 008 | 240604b |||||||| |||| 00| 0 spa d | ||
| 020 | _a0590260316 | ||
| 040 | _csjds | ||
| 100 | 1 | _aAvalos, Cecilia | |
| 245 |
_aMelones, melones, melones / _cCecilia Avalos ; Joe Boddy (Illustrator) |
||
| 260 |
_aNew York, N.Y. : _bScholastic, _cc1992. |
||
| 300 |
_a16 pages : _billustrations |
||
| 440 | _a Coleccion Iguana | ||
| 700 |
_aBoddy, Joe _eIllustrator |
||
| 942 | _cBK | ||
| 999 |
_c29856 _d29854 |
||